Identificación de modelos de segundo orden con un cero y tiempo muerto

Kaydedildi:
Detaylı Bibliyografya
Yazar: Saborío Romano, Oscar
Materyal Türü: Kitap
Baskı/Yayın Bilgisi: [San José, Costa Rica] 2009
Konular:
Etiketler: Etiketle
Etiket eklenmemiş, İlk siz ekleyin!

MARC

LEADER 00000nam a2200000Ia 4500
003 001615
005 20221231144038.0
008 140114s2009 cr a 000 ||s d
040 |c cru CEDI  
090 |a TFG 6127 
100 |a Saborío Romano, Oscar   |9 1059 
245 |a  Identificación de modelos de segundo orden con un cero y tiempo muerto  
260 |c 2009  |b [San José, Costa Rica] 
500 |a Proyecto de graduación (bachillerato en ingeniería eléctrica)--Universidad de Costa Rica. Facultad de Ingeniería. Escuela de Ingeniería Eléctrica, 2009 IE-0502 Proyecto Eléctrico 
650 |x MATLAB (PROGRAMAS PARA COMPUTADORA)   |x MODELOS MATEMATICOS   |x CONTROL AUTOMATICO  |x  REGULADORES ELECTRICOS  |9 3156 
942 |c TFG 
999 |c 16088  |d 16088